00848 a2200181 4500003000500000005001700005040000900022082001500031100002700046245003600073260003800109300001000147500031800157650002500475942002400500999001900524952012300543Nust20230331090609.0 cNust a808.84,JOE aBrailsford H.N9108007 aThe Bookmark / cH.N Brailsford aLondon, bJohn Westhouse, c1945. a142:p aThe author Excuses Himself (Page-15) Jonathan Swift (page-20) Voltaire and History (Page-27) Thomas love Peacock ((Page-34) The Bronte’s (Page-40) in a Green Shade (page-51) Election in Literature (page-51) Ghosis and Ghost Stories (page-58) Thomas Hardy (Page-62) W.H. Hudson (page-68) R.L. Stevenson (page-73) aThe Bookmark9111616 2ddccBKk808.84,JOE c186608d186608 00102ddc4070aMCSbMCScFICd2016-12-12o808.84,JOApMCS29616r2016-12-08w2016-12-12yBKzAlmirh No 75, Shelf No 4